Stades de Premier League (2020-2021) - Statistiques

Statistiques générales
  • Ce quiz a été pris 121 fois
  • Le résultat moyen est 8 sur 20
Statistiques - réponses
Équipe Stade Ville Capacité % Correct
Manchester United Old Trafford Manchester 75 635
95%
Liverpool FC Anfield Liverpool 54 074
87%
Arsenal FC Emirates Stadium Londres 60 704
86%
Manchester City Etihad Stadium Manchester 55 097
75%
Chelsea FC Stamford Bridge Londres 41 798
75%
Tottenham Hotspurs Tottenham Hotspur Stadium Londres 62 062
58%
Newcastle United St James' Park Newcastle 52 405
48%
Everton FC Goodison Park Liverpool 39 571
44%
Aston Villa Villa Park Birmingham 42 788
44%
West Ham United Stade Olympique Londres 60 000
33%
Leicester City King Power Stadium Leicester 36 262
32%
Fulham FC Craven Cottage Londres 25 700
27%
Wolverhampton Wanderers Molineux Stadium Wolverhampton 31 700
23%
Southampton FC St Mary's Stadium Southampton 32 505
19%
Crystal Palace Selhurst Park Londres 26 255
17%
Burnley FC Turf Moor Burnley 21 401
16%
Brighton & Hove Albion AMEX Stadium Brighton 30 750
15%
Leeds United Elland Road Leeds 39 460
10%
Sheffield United Bramall Lane Sheffield 32 702
8%
West Bromwich Albion The Hawthorns West Bromwich 26 484
2%
Aucun quiz correspondant
Distribution des résultats
% des personnes avec chaque résultat
Percentile par nombre de réponses
Votre historique - résultats
Vous n’avez pas pris ce quiz